Music Quiz

Random Music or Song Quiz
Score 0/57 Timer 08:00
0 Plays Today
Album Song % Correct
The RisingThe Rising
92.9%
Devils & DustDevils & Dust
84.5%
MagicMagic
83.5%
Working On A DreamWorking On A Dream
82.9%
The RisingLonesome Day
82%
MagicRadio Nowhere
79.2%
Working On A DreamOutlaw Pete
76.1%
The RisingMary's Place
74.8%
The RisingMy City Of Ruins
72.7%
The RisingWaitin' On A Sunny Day
72.4%
MagicGirls In Their Summer Clothes
69.3%
Working On A DreamQueen Of The Supermarket
68.3%
The RisingInto The Fire
65.5%
MagicTerry's Song
64.9%
Working On A DreamThe Wrestler
64.3%
MagicGypsy Biker
62.7%
MagicLong Walk Home
61.8%
MagicDevil's Arcade
61.2%
The RisingEmpty Sky
60.9%
The RisingLet's Be Friends (Skin To Skin)
60.6%
MagicLivin' In The Future
59.9%
Working On A DreamMy Lucky Day
58.4%
The RisingYou're Missing
58.1%
The RisingWorlds Apart
57.1%
Live in New York CityAmerican Skin (41 Shots)
56.5%
MagicLast To Die
56.2%
The RisingThe Fuse
55%
Working On A DreamSurprise, Surprise
55%
Working On A DreamKingdom Of Days
54.3%
Album Song % Correct
The RisingParadise
54%
The RisingFurther On (Up The Road)
53.4%
Live in New York CityLand Of Hope And Dreams
53.1%
The RisingNothing Man
51.9%
18 TracksThe Promise
51.2%
MagicI'll Work For Your Love
51.2%
Working On A DreamThe Last Carnival
51.2%
The RisingCountin' On A Miracle
49.7%
Devils & DustReno
49.7%
Devils & DustMaria's Bed
47.8%
MagicYou'll Be Comin' Down
46.9%
Working On A DreamGood Eye
46.9%
Devils & DustJesus Was An Only Son
46.6%
Working On A DreamLife Itself
45.3%
MagicYour Own Worst Enemy
44.4%
Devils & DustAll The Way
41.9%
Devils & DustLeah
41.9%
Working On A DreamThis Life
41%
18 TracksThe Fever
40.7%
Devils & DustLong Time Comin'
40.7%
Devils & DustThe Hitter
39.8%
Working On A DreamWhat Love Can Do
39.4%
Devils & DustBlack Cowboys
36.6%
Working On A DreamTomorrow Never Knows
36%
Devils & DustSilver Palomino
34.8%
Devils & DustMatamoros Banks
34.2%
Devils & DustAll I'm Thinkin' About
31.4%
18 TracksTrouble River
25.5%
Remove Ads.
Support Sporcle.
Get the best of Sporcle when you Go Orange. This ad-free experience offers more features, more stats, and more fun while also helping to support Sporcle. Thank you for becoming a member.

You're not logged in!

Compare scores with friends on all Sporcle quizzes.
OR
Log In

Show Comments

Extras

Top Quizzes Today


Score Distribution

Your Account Isn't Verified!

In order to create a playlist on Sporcle, you need to verify the email address you used during registration. Go to your Sporcle Settings to finish the process.

Report this User

Report this user for behavior that violates our Community Guidelines.

Details: